| 000 | 00480nam a2200193Ia 4500 | ||
|---|---|---|---|
| 003 | OSt | ||
| 005 | 20250912112751.0 | ||
| 020 | _a978-1-133-04664-6 | ||
| 040 | _cLC | ||
| 050 |
_aQA 152.3 .L 37 2011 _b3 |
||
| 100 | _a LARSON, RON | ||
| 245 | 0 | _aCOLLEGE ALGEBRA REAL MATHEMATICS REAL PEOPLE | |
| 250 | _a6 | ||
| 260 |
_bCENGAGE LEARNING, _c2011, _a BELMONT, |
||
| 300 | _aXii, 564 P, ILL | ||
| 500 | _aINCLUDES INDEX | ||
| 650 | _aAlgebra-Textbooks | ||
| 942 |
_cBK _2lcc _n0 |
||
| 999 |
_c185709 _d185709 |
||